| 000 | 00683nam a2200205Ii 4500 | ||
|---|---|---|---|
| 003 | JO-AjNU | ||
| 008 | 230605s9999||||xx |||||||||||||| ||und|| | ||
| 017 | _a2004/9/2349 | ||
| 040 |
_aJO-AjNU _bara _erda _cJO-AjNU |
||
| 041 | _aara | ||
| 050 | 1 | 4 | _aRG551.I873 2005 |
| 100 | 3 |
_aالعيسى، رائدة محمد, _eauthor _937792 |
|
| 245 | 0 | 0 | _aالحمل والولادة العناية بالمراة الحامل |
| 264 | 3 | 1 | _aعمان: المؤلف، 2005 |
| 300 | _aمتعدد الترقيم | ||
| 336 |
_atext _btxt _2rdacontent |
||
| 337 |
_aunmediated _bn _2rdamedia |
||
| 338 |
_avolume _bnc _2rdacarrier |
||
| 650 | 4 |
_aالحمل - العناية بالطفل _937793 |
|
| 999 |
_aA15823 _c19391 _d19391 |
||